駅メモ 新大阪~西明石でアクセス可能な駅 - Statistics

General Stats
  • This quiz has been taken 64 times
  • The average score is 53 of 83
Answer Stats
Answer % Correct
大阪
96%
新大阪
95%
尼崎
95%
尼崎
95%
神戸
95%
明石
93%
甲子園口
91%
西宮
91%
西宮
91%
三ノ宮
91%
西明石
89%
芦屋
88%
六甲道
88%
元町
88%
86%
住吉
84%
須磨
82%
塚本
80%
さくら夙川
79%
摂津本山
79%
須磨海浜公園
79%
立花
77%
福島
75%
兵庫
75%
新長田
75%
梅田
73%
摩耶
73%
垂水
73%
舞子
73%
山陽明石
73%
春日野道
71%
神戸三宮
71%
高速神戸
71%
朝霧
71%
甲南山手
70%
大阪梅田
68%
西梅田
68%
野田
68%
塩屋
66%
西中島南方
64%
新開地
64%
加島
63%
御影
63%
御影
63%
中津
61%
王子公園
61%
須磨浦公園
61%
御幣島
59%
山陽須磨
59%
山陽垂水
59%
夙川
57%
山陽塩屋
57%
花隈
55%
鷹取
55%
南方
54%
西元町
54%
西灘
52%
舞子公園
52%
芦屋川
50%
大開
50%
石屋川
48%
高速長田
48%
香櫨園
46%
打出
46%
大石
46%
人丸前
46%
海老江
45%
県庁前
45%
ハーバーランド
45%
月見山
45%
中崎町
43%
須磨寺
43%
岩屋
41%
西舞子
41%
阪神国道
39%
東垂水
39%
滝の茶屋
38%
旧居留地・大丸前
36%
西新町
36%
大蔵谷
34%
みなと元町
32%
林崎松江海岸
32%
霞ヶ丘
29%
No matching quizzes found
Score Distribution
Percent of People with Each Score
Percentile by Number Answered
Your Score History
You have not taken this quiz